00665nam a22002057a 4500008004100000010001400041020001100055035001300066037001500079040001800094082000800112100001800120245010200138260004300240270005600283300002100339600002200360650005500382700002200437090127t xxu||||| |||| 00| 0 eng d aENG-92605 c125.00 aEN-76138 bDBAD / PUB adplbEnglish  a821 aAbhilash Das  aKabir Amrit Vani:cby Abhilash Das; translated by Lakhi N. Paryani b(nectareal voice of Kabir) / aAllahabadbKabirParakh Sansthan c2005 aSant Kabir Marg, Pritam Nagar, bAllahabad`e211001 a327p.c22cm (Hb) aKabir, 15th cent. aReligious poetry, HindixTranslation into English. aLakhi N. Paryani